00630nam a22001337a 450000500170000000800410001705000340005810000260009224501150011826000350023330000190026850000400028765001690032720260515110201.0260515b |||||||| |||| 00| 0 eng d aTHE LB 2831 .T3 A74 2026bC.1 aArende, Erasto George aStrategic Staffing in the Provision of Quality Education in Public Primary Schools in Bunda District, Tanzania aKisii bKisii Universityc2026 axv, 107p.:ill. aIncludes bibliographical references a1. School personnel management - Tanzania - Bunda District. 2. Education quality - Tanzania - Primary education. 3. Teacher allocation - Tanzania - Primary Schools.